Thermochemical processing of biomass (Record no. 119744)
[ view plain ]
| 000 -LEADER | |
|---|---|
| fixed length control field | 01428nam a2200361Ia 4500 |
| 082 04 - DEWEY DECIMAL CLASSIFICATION NUMBER | |
| Classification number | 662/.88 |
| 245 00 - TITLE STATEMENT | |
| Title | Thermochemical processing of biomass |
| 260 ## - PUBLICATION, DISTRIBUTION, ETC. (IMPRINT) | |
| Place of publication | Chichester, West Sussex, United Kingdom : |
| Name of publisher | John Wiley & Sons, Ltd., |
| Year of publication | 2011. |
| 300 ## - PHYSICAL DESCRIPTION | |
| Number of Pages | xiv, 330 p. : |
| Other physical details | ill. |
| 490 1# - SERIES STATEMENT | |
| Series statement | Wiley series in renewable resources |
| 650 #0 - SUBJECT ADDED ENTRY--TOPICAL TERM | |
| Topical Term | Biomass energy. |
| Topical Term | Thermochemistry. |
| Topical Term | Energy conversion. |
| 700 1# - ADDED ENTRY--PERSONAL NAME | |
| Personal name | Brown, Robert C. |
| 856 40 - ELECTRONIC LOCATION AND ACCESS | |
| Uniform Resource Identifier | http://site.ebrary.com/lib/rucke/Doc?id=10510398 |
No items available.
